00534nam a2200169 450000500170000001000150001702000260003203500140005803700090007208200130008110000210009424500610011525000100017626000630018627000950024930000200034420241023115418.0 aENG-142281 c795.00a9789391659011 aEN-125813 bDBAD a370.0954 aTabassum, Rubina aEducational Status of Muslims In India/bRubina Tabassum aFirst bGenusine Publications and Media Pvt. Ltd.aNew Delhic2022 aB-35 (LGF), Nizamuddin WestbNew DElhie110013k911141827475minfo@genuinepublications.com a136p.c24cm(hb)